Central Asia in world history (Registro nro. 301596)

Detalles MARC
000 -ENCABEZADO
Número de control [NR] 01020cam a2200301Mi 4500
005 - FECHA Y HORA DE LA ÚLTIMA TRANSACCIÓN
control field 20151026111651.0
008 - DE LONGITUD FIJA DE DATOS DE ELEMENTOS - INFORMACIÓN GENERAL
Elementos de longitud fija [NR] 15 s2011 xxuab fr 001 0 eng d
020 ## - NUMERO INTERNACIONAL NORMALIZADO PARA LIBROS [R]
Número Internacional Normalizado del libro [NR] 0195159470
020 ## - NUMERO INTERNACIONAL NORMALIZADO PARA LIBROS [R]
Número Internacional Normalizado del libro [NR] 9780195159479
020 ## - NUMERO INTERNACIONAL NORMALIZADO PARA LIBROS [R]
Número Internacional Normalizado del libro [NR] 9780195338195
020 ## - NUMERO INTERNACIONAL NORMALIZADO PARA LIBROS [R]
Número Internacional Normalizado del libro [NR] 0195338197
035 ## - NUMERO DE CONTROL DEL SISTEMA [R]
Número de control del sistema [NR] (OCoLC)795701136
040 ## - FUENTE DE CATALOGACION [NR]
Agencia de catalogación original [NR] Co-BoUCM
Quien Cataloga Saul Niño
Quien Clasifica Saul Niño
041 ## - CODIGO DE IDIOMA [R]
Código de idioma para texto/pista de sonido o título separado [R] Inglés
100 1# - ASIENTO PRINCIPAL--NOMBRE PERSONAL [NR]
Nombre personal [NR] Golden, Peter B
ID Autoridad 72825
245 10 - MENCION DE TITULO [NR]
Título [NR] Central Asia in world history
Mención de responsabilidad, etc. [NR] Peter B. Golden
260 ## - PUBLICACION, DISTRIBUCION, ETC. (PIE DE IMPRENTA) [R]
Lugar de publicación, distribución, etc. [R] New York (Estados Unidos)
Nombre del editor, distribuidor, etc. [R] Oxford University Press
Fecha de publicación, distribución, etc. [R] 2011
300 ## - DESCRIPCION FISICA [R]
Extensión [R] x, 178 páginas
Otros detalles físicos [NR] ilustraciones, mapas
490 0# - MENCION DE SERIE [R]
Mención de serie [R] The new Oxford world history
504 ## - NOTA DE BIBLIOGRAFIA, ETC. [R]
Nota de bibliografía, etc. [NR] Incluye referencias bibliográficas e índices
650 #0 - ASIENTO SECUNDARIO DE MATERIA - TERMINO TEMATICO [R]
Término temático o nombre geográfico como elemento de entrada [NR] Geopolítica
Subdivisión geográfica [R] Asia, Central
Subdivisión general [R] Historia
9 (RLIN) 215
650 #7 - ASIENTO SECUNDARIO DE MATERIA - TERMINO TEMATICO [R]
Término temático o nombre geográfico como elemento de entrada [NR] Civilización
9 (RLIN) 47634
651 #0 - ASIENTO SECUNDARIO DE MATERIA - NOMBRE GEOGRAFICO [R]
Nombre geográfico [NR] Asia Central
Subdivisión general [R] Historia
9 (RLIN) 72826
651 #0 - ASIENTO SECUNDARIO DE MATERIA - NOMBRE GEOGRAFICO [R]
Nombre geográfico [NR] Asia Central
Subdivisión general [R] Civlización
9 (RLIN) 72827
690 ## - ASUNTO AGREGADO LOCAL DE ENTRADA - TÉRMINO TEMÁTICO (OCLC, RLIN)
9 (RLIN) 42844
Acceso temático local Historia de Asia
942 ## - ELEMENTOS DE ENTRADA AGREGADOS (KOHA)
Sistema de clasificación DEWEY
Tema principal Historia
Tipo de ítem principal el descrito en 300a Libro
Edición 1
Clasificación 958
Parte restante de la signatura top. G618ce
Existencias
Total préstamos Signatura topográfica Código de barras Última vez visto Ejemplar Costo de reposición Price effective from Tipo de ítem Perdido Sistema de clasificación Dañado No prestable Tipo de ítem específico Suprimido Ubicación habitual Ubicación actual Localización Fecha de creación Proveedor Forma de adquisición Costo
  958 G618ce 100148022 10/12/2025 Ej.1 70193.00 14/10/2015 Libro   DEWEY     Libro   Claustro Claustro 2do piso 14/10/2015 15 Compra 70193.00